000 00322cam a2200145 4500
001 L135664
002 11610
008 061123n2006 000 0 eng u
020 _a1903202579
035 _a(Sirsi) u135664
245 _aEngineers Fees 2007
260 _aThe Fees Bureau
_c2006
350 _a195.00
942 _n0
999 _c106135
_d106135